000 01204nam a22002657a 4500
999 _c64009
_d64009
005 20251125233104.0
008 s2554 th tha d
020 _a9786162100444
040 _aNALT
041 _atha
050 _aDs588.S6 ค138ข 2554
100 0 _aคนข่าว 2499
245 1 0 _aไขปมปริศนาไฟใต้
260 3 _aกรุงเทพฯ :
_bย้อนรอย,
_c2554
300 _a236 หน้า :
_b ภาพประกอบ ;
_c 21 ซม.
650 0 4 _aการก่อการร้าย -- ไทย (ภาคใต้)
650 0 4 _aขบวนการแบ่งแยกดินแดน -- ไทย (ภาคใต้)
650 0 4 _aการแบ่งแยกดินแดน -- ไทย (ภาคใต้)
650 0 4 _aปัญหาสามจังหวัดชายแดน -- ไทย (ภาคใต้)
650 0 4 _aไทย (ภาคใต้) -- ปัญหาและข้อพิพาท
850 _aNALT
856 4 0 _uhttps://hdl.handle.net/20.500.14156/411701
_71
942 _cGB
_2lcc